000 01127cam a2200313 a 4500
001 2675
005 20240109143553.0
020 _a9780316156004 (hardcover)
020 _a0316156000 (hardcover)
040 _aDLC
_cDLC
_dDLC
_beng
050 0 0 _aPZ7.C83535
_bHn 2006
082 0 0 _a823.92
_222
100 1 _aCowell, Cressida
245 1 0 _aHow to speak Dragonese /
_cwritten and illustrated by Cressida Cowell
250 _aThis edition published in 2010
260 _aNew York :
_bHodder Children's Books,
_c2005
300 _a218 pages :
_billustrations ; map ;
_c20 cm
490 _aHow to train your dragon ;
_vBook 3
505 _aZ
520 _aRecounts the further escapades of Hiccup Horrendous Haddock the Third as he continues his Viking training during which he escapes from a boatload of Roman soldiers and searches for his kidnapped dragon.
521 _a910
_bLexile
521 _aZ
_bRaz-Plus
650 1 _aVikings
_vFiction.
650 1 _aPirates
_vFiction.
650 1 _aDragons
_vFiction.
650 1 _aHumorous stories.
906 _a7
_bcbc
_corignew
_d1
_eecip
_f20
_gy-gencatlg
942 _2ddc
_cBK
_n0
999 _c2675
_d2675